000 01863cam a2200337 a 4500
001 15688322
005 20100319154917.0
008 090406s2009 miua b s001 0 eng
020 _a0472070622 (cloth : alk. paper)
020 _a9780472070626 (cloth : alk. paper)
020 _a0472050621 (pbk. : alk. paper)
020 _a9780472050628 (pbk. : alk. paper)
040 _aDLC
_cDLC
_dYDX
_dBTCTA
_dYDXCP
_dCDX
_dBWX
_dDLC
082 0 0 _a327.172
_222
_bBER
100 1 _aBercovitch, Jacob.
_929215
245 1 0 _aConflict Resolution in the Twenty-First Century :
_bPrinciples, Methods, and Approaches /
_cJacob Bercovitch and Richard Jackson.
260 _aAnn Arbor :
_bUniversity of Michigan Press,
_cc2009.
300 _axi, 226 p. :
_bill. ;
_c29 cm.
504 _aIncludes bibliographical references and index.
650 0 _aConflict management.
_929216
650 0 _aConflict management
_xInternational cooperation.
_929217
650 0 _aPacific settlement of international disputes.
_929218
653 _bPol
_cMarch2012
700 1 _aJackson, Richard,
_d1966-
_929219
942 _2ddc
_cBB
999 _c16544
_d16544